Statistics for Names of Movies with Penguins

Click here to take the quiz!

General Stats

  • This quiz has been taken 4 times
  • The average score is 4 of 7

Answer Stats

Hint Answer % Correct
About a dancing penguin Happy Feet
100%
About four secret agent penguinsPenguins of Madagascar
100%
About a surfing penguinSurf's Up
75%
Documentary - Made in 2005March of the Penguins
50%
Main character gets a "souvenir" from AntarcticaMr. Popper's Penguins
25%
Dog stops foxes from killing penguinsOddball
25%
Main character is a penguin named HubieThe Pebble and the Penguin
25%

Score Distribution

Percentile by Number Answered

Percent of People with Each Score

Your Score History

You have not taken this quiz